000 00815cab a2200229 4500
001 WB2831-46
008 090401t1992 xxu||||| |||| 00| 0 eng d
035 _a(Sirsi) u73143
041 _aeng
245 _aAbstraction of water
260 _c1992
350 _a0
490 _aTimes
_vTimes 4 August 1992, 22(1)
520 _a"British Waterways Board v National Rivers Authority and another" CA 16 July 1992. It was held that abstracting water from an outfall channel connected to a canal was not abstraction from the canal within the meaning of Water Resources Act 1963 s135(1) and no additional licence was required.
650 _aCANALS
650 _aOUTFALLS
650 _aWATER ABSTRACTION
650 _aWATER RESOURCES ACT 1963
690 _aWATER-CASE LAW
942 _n0
948 _c04/03/1997
999 _c46257
_d46257